[Event "Skalica op"]
[Site "Skalica"]
[Date "2019.08.30"]
[Round "8"]
[White "Kalisky, Vladimir"]
[Black "Londin, Simon"]
[Result "1-0"]
[WhiteElo "2179"]
[BlackElo "2038"]
[PlyCount "83"]
[EventDate "2019.08.25"]
[EventType "swiss"]
[EventRounds "9"]
[EventCountry "SVK"]
[SourceTitle "EXT 2020"]
[Source "ChessBase"]
[SourceDate "2019.10.17"]
[SourceVersion "1"]
[SourceVersionDate "2019.10.17"]
[SourceQuality "1"]

1. Nf3 c5 2. g3 Nc6 3. c4 e5 4. Nc3 Nge7 5. Bg2 d6 6. d3 g6 7. 0-0 Bg7 8. Rb1 0-0 9. a3 f5 10. Ne1 Be6 11. Nd5 h6 12. Nc2 g5 13. b4 Rb8 14. e3 Qd7 15. b5 Nd8 16. f4 Nxd5 17. cxd5 Bf7 18. a4 Bg6 19. Na3 Nf7 20. Nc4 Rbe8 21. Bb2 Re7 22. Bf3 exf4 23. Bxg7 Kxg7 24. exf4 Rfe8 25. Qd2 g4 26. Bd1 Qd8 27. a5 Rf8 28. Ba4 h5 29. Qc3+ Kh7 30. b6 a6 31. Rbe1 Nh6 32. Rxe7+ Qxe7 33. Re1 Qd8 34. Re6 Nf7 35. Kf2 h4 36. Qf6 hxg3+ 37. hxg3 Qxf6 38. Rxf6 Rd8 39. Re6 Kg7 40. Re7 Rb8 41. Bc6 bxc6 42. dxc6 1-0

[Event "Jesenik op"]
[Site "Jesenik"]
[Date "2019.08.25"]
[Round "9"]
[White "Londin, Simon"]
[Black "Smajzr, Martin"]
[Result "0-1"]
[WhiteElo "2038"]
[BlackElo "2168"]
[PlyCount "96"]
[EventDate "2019.08.17"]
[EventType "swiss"]
[EventRounds "9"]
[EventCountry "CZE"]
[SourceTitle "EXT 2020"]
[Source "ChessBase"]
[SourceDate "2019.10.17"]
[SourceVersion "1"]
[SourceVersionDate "2019.10.17"]
[SourceQuality "1"]

1. e4 e5 2. Nf3 Nf6 3. Nxe5 d6 4. Nf3 Nxe4 5. Nc3 Nf6 6. d4 d5 7. h3 Be7 8. Bd3 c6 9. 0-0 0-0 10. Bf4 Nbd7 11. Ne5 Nxe5 12. Bxe5 Re8 13. Re1 Nd7 14. Bg3 Bf6 15. Rxe8+ Qxe8 16. Qd2 Nf8 17. Re1 Qd8 18. Ne2 Bd7 19. c3 Qa5 20. Bb1 Re8 21. Nc1 Ne6 22. Nb3 Qd8 23. Qd3 g6 24. f4 Ng7 25. Rxe8+ Qxe8 26. Qf3 Qe7 27. Bf2 h5 28. Nc5 Bc8 29. g4 hxg4 30. hxg4 Bh4 31. g5 Bxf2+ 32. Kxf2 Nh5 33. Qe3 Qd8 34. Bc2 b6 35. Nb3 Qc7 36. Qe5 Qd7 37. Nd2 Qg4 38. f5 Qh4+ 39. Kf3 Qxg5 40. Qe8+ Kg7 41. Qxc8 Qxd2 42. Bb3 Qf4+ 43. Kg2 Qg3+ 44. Kf1 Qf3+ 45. Ke1 Ng3 46. Kd2 Qf4+ 47. Ke1 Qe3+ 48. Kd1 Qd3+ 0-1

[Event "CZE-chT2E 1819"]
[Site "Czech Republic"]
[Date "2019.02.10"]
[Round "8.4"]
[White "Fojtik, Tomas"]
[Black "Londin, Simon"]
[Result "1/2-1/2"]
[WhiteElo "2076"]
[BlackElo "2023"]
[PlyCount "88"]
[EventDate "2018.10.14"]
[EventType "team-tourn"]
[EventRounds "11"]
[EventCountry "CZE"]
[SourceTitle "EXT 2022"]
[Source "ChessBase"]
[SourceDate "2021.10.06"]
[SourceVersion "1"]
[SourceVersionDate "2021.10.06"]
[SourceQuality "1"]
[WhiteTeam "Lipovec Garde"]
[BlackTeam "Prostejov"]
[WhiteTeamCountry "CZE"]
[BlackTeamCountry "CZE"]

1. d4 Nf6 2. Nf3 c5 3. c3 e6 4. g3 b6 5. Bg2 Bb7 6. 0-0 Be7 7. Bf4 d6 8. Re1 Nbd7 9. dxc5 Nxc5 10. c4 0-0 11. Nc3 a6 12. Qd2 Nfe4 13. Nxe4 Nxe4 14. Qc2 Qc7 15. Rac1 Rac8 16. Nd2 Nxd2 17. Bxb7 Qxb7 18. Qxd2 Rfd8 19. e4 Rc6 20. Qe2 Rdc8 21. b3 b5 22. cxb5 Qxb5 23. Qxb5 axb5 24. Rxc6 Rxc6 25. Rc1 Rxc1+ 26. Bxc1 Kf8 27. Kf1 Ke8 28. Ba3 Kd7 29. Ke2 Bf6 30. Kd3 Kc6 31. Bb4 g6 32. Bd2 Kc5 33. a3 Bb2 34. Be3+ Kc6 35. a4 bxa4 36. bxa4 d5 37. exd5+ exd5 38. f3 Kb7 39. Bd4 Ba3 40. Kc3 h5 41. h3 Bd6 42. g4 Ka6 43. Be3 Be5+ 44. Kb4 Bd6+ 1/2-1/2

[Event "Kouty nad Desnou op-A"]
[Site "Kouty nad Desnou"]
[Date "2017.03.14"]
[Round "5"]
[White "Londin, Simon"]
[Black "Jirousek, Tadeas"]
[Result "1-0"]
[WhiteElo "1714"]
[BlackElo "1639"]
[PlyCount "121"]
[EventDate "2017.03.11"]
[EventType "swiss"]
[EventRounds "9"]
[EventCountry "CZE"]
[SourceTitle "CBM 177 Extra"]
[Source "ChessBase"]
[SourceDate "2017.04.27"]
[SourceVersion "1"]
[SourceVersionDate "2017.04.27"]
[SourceQuality "1"]

1. d4 e6 2. c4 f5 3. Nf3 Nf6 4. e3 b6 5. Bd3 Bb7 6. b3 Bb4+ 7. Bd2 Be7 8. 0-0 0-0 9. b4 d6 10. Nc3 Ne4 11. Bxe4 fxe4 12. Ne1 Nd7 13. d5 exd5 14. Nxd5 Ne5 15. Qc2 c6 16. Nxe7+ Qxe7 17. Qxe4 c5 18. Qc2 Qh4 19. f4 Ng4 20. h3 Nf6 21. Nf3 Qh5 22. Ng5 Rae8 23. bxc5 dxc5 24. Qd1 Qh6 25. Nf3 Ne4 26. Bc1 Rd8 27. Qc2 Qe6 28. Ne5 Rd6 29. Rd1 Rfd8 30. Bb2 Rd2 31. Rxd2 Rxd2 32. Rd1 Qd6 33. Rxd2 Qxd2 34. Qxd2 Nxd2 35. Bc1 Ne4 36. Kf1 Nd6 37. g4 Nxc4 38. Nxc4 Ba6 39. Ke1 Bxc4 40. a3 Kf7 41. Kd2 Bf1 42. h4 Bh3 43. g5 Bf5 44. Bb2 g6 45. Be5 a6 46. Bc7 b5 47. Bb6 c4 48. Kc3 Ke6 49. Kd4 Kd6 50. e4 Bg4 51. Ba5 Bf3 52. f5 gxf5 53. exf5 Ke7 54. Kc5 Bg4 55. f6+ Kf7 56. Kb6 Bc8 57. Bc3 h6 58. gxh6 Bf5 59. Kxa6 Kg6 60. h7 Kxh7 61. f7 1-0

[Event "Kouty nad Desnou op-A"]
[Site "Kouty nad Desnou"]
[Date "2017.03.11"]
[Round "1"]
[White "Londin, Simon"]
[Black "Tuma, Jan"]
[Result "0-1"]
[WhiteElo "1714"]
[BlackElo "2049"]
[PlyCount "50"]
[EventDate "2017.03.11"]
[EventType "swiss"]
[EventRounds "9"]
[EventCountry "CZE"]
[SourceTitle "CBM 177 Extra"]
[Source "ChessBase"]
[SourceDate "2017.04.27"]
[SourceVersion "1"]
[SourceVersionDate "2017.04.27"]
[SourceQuality "1"]

1. d4 b5 2. e4 Bb7 3. f3 e6 4. Be3 b4 5. c4 c5 6. d5 exd5 7. cxd5 d6 8. Bb5+ Nd7 9. Nd2 Ngf6 10. Nc4 a6 11. Ba4 Nxd5 12. Bxd7+ Kxd7 13. Nxd6 Bxd6 14. exd5 Re8 15. Qa4+ Ke7 16. 0-0-0 Kf8 17. Qb3 Qc7 18. Re1 c4 19. Qc2 b3 20. Qxh7 f6 21. Qh8+ Kf7 22. Qh5+ Kg8 23. a3 Rxe3 24. Rxe3 Bf4 25. Kd2 Qc5 0-1

[Event "CZE-chT2E 1516"]
[Site "Czech Republic"]
[Date "2016.04.17"]
[Round "11.7"]
[White "Londin, Simon"]
[Black "Chladek, Vlastimil"]
[Result "0-1"]
[WhiteElo "1698"]
[BlackElo "2012"]
[PlyCount "58"]
[EventDate "2015.10.18"]
[EventType "team-tourn"]
[EventRounds "11"]
[EventCountry "CZE"]
[SourceTitle "EXT 2022"]
[Source "ChessBase"]
[SourceDate "2021.10.06"]
[SourceVersion "1"]
[SourceVersionDate "2021.10.06"]
[SourceQuality "1"]
[WhiteTeam "Prostejov"]
[BlackTeam "Lipovec Garde"]
[WhiteTeamCountry "CZE"]
[BlackTeamCountry "CZE"]

1. e4 Nc6 2. Nf3 f5 3. d3 d6 4. Nc3 e5 5. g3 Nf6 6. Bg2 Be7 7. 0-0 0-0 8. h3 Qe8 9. Nd5 Nxd5 10. exd5 Nd8 11. Nh2 Qg6 12. h4 Nf7 13. h5 Qf6 14. Nf3 Bd7 15. Rb1 Rae8 16. Bh3 g5 17. hxg6 hxg6 18. b4 g5 19. Bg2 Kg7 20. Bb2 g4 21. Ne1 Qh6 22. f4 Bf6 23. c4 exf4 24. Rxf4 Ne5 25. Qb3 Bg5 26. Rf1 Be3+ 27. Rf2 f4 28. Bc1 fxg3 29. Bxe3 Qxe3 0-1

[Event "CZE-chT2E 1516"]
[Site "Czech Republic"]
[Date "2016.02.21"]
[Round "8.8"]
[White "Londin, Simon"]
[Black "Zvolanek, Libor"]
[Result "1/2-1/2"]
[WhiteElo "1698"]
[BlackElo "2212"]
[PlyCount "98"]
[EventDate "2015.10.18"]
[EventType "team-tourn"]
[EventRounds "11"]
[EventCountry "CZE"]
[SourceTitle "EXT 2022"]
[Source "ChessBase"]
[SourceDate "2021.10.06"]
[SourceVersion "1"]
[SourceVersionDate "2021.10.06"]
[SourceQuality "1"]
[WhiteTeam "Prostejov"]
[BlackTeam "Grygov II"]
[WhiteTeamCountry "CZE"]
[BlackTeamCountry "CZE"]

1. e4 d6 2. d4 Nf6 3. Nc3 g6 4. Bc4 Bg7 5. f4 Nxe4 6. Bxf7+ Kxf7 7. Nxe4 Rf8 8. Nf3 Kg8 9. 0-0 Bf5 10. Ng3 Qd7 11. c3 Kh8 12. Re1 Bg4 13. h3 Bxf3 14. Qxf3 c6 15. Qe4 Rf7 16. Qe6 Qxe6 17. Rxe6 Na6 18. Bd2 Nc7 19. Re2 Nd5 20. Rf1 Raf8 21. Ref2 Bh6 22. Ne2 e5 23. dxe5 dxe5 24. g3 e4 25. c4 e3 26. Rf3 exd2 27. cxd5 Rd8 28. Rd3 Rfd7 29. Nc3 Bg7 30. Rxd2 Bxc3 31. bxc3 Rxd5 32. Rxd5 Rxd5 33. Rf3 Kg7 34. Re3 Kf7 35. Kf2 Ra5 36. Re2 Ra3 37. Rc2 b5 38. g4 Ke6 39. Ke3 Kd5 40. Rd2+ Kc4 41. f5 gxf5 42. gxf5 b4 43. f6 bxc3 44. Rd4+ Kc5 45. Rf4 c2+ 46. Kd2 Rd3+ 47. Kxc2 Rd8 48. f7 Rf8 49. Kc3 Kd5 1/2-1/2